00541nam a22001577a 4500010001500000020001100015035001400026037001300040082000800053100002100061245005700082260003900139270013700178300002700315500004100342 aENG-126179 c200.00 aEN-109711 bDBAD/PUB a332 aPrakash,ThakurOm aCheris Perish Your Golden Year/cby Thakur Om Pakash aJharkhandbThakur Om Prakashc2015 a107,Satyam Apartment,North Office Doranda,bRanchi e834002k0651-2482164mthakur_om_prakash@yahoo.co.in,thakuromprakash41@gmail.com a137p.c21cm(pbk)bill. aits includes Index and Bibliography